Responses for Show #3363 - Wednesday, March 31, 1999

Contestants

[<< previous game]

Mike Lenahan, a cargo handler from Arlington Heights, Illinois

Amy McEntee, an attorney from Durham, North Carolina

Ajuan Mance, an English professor from Eugene, Oregon (whose 3-day cash winnings total $15,100)

[next game >>]

Jeopardy! Round responses

U.S. PRESIDENTS
RADIO STARS
TOP O' THE STATE
(Alex: You have to identify the state.)
COCKNEY RHYMING SLANG
GANGSTERS
YOU NEED TO BE PUNISHED
    $100 10
Ronald Reagan

Ajuan
    $100 11
Rush Limbaugh

Amy
    $100 23
Hawaii

Mike
    $100 20
Clock

Amy
    $100 2
Al Capone

Mike
    $100 1
Desserts

Mike
    $200 16
Jimmy Carter

Ajuan
    $200 12
Vin Scully

Triple Stumper
    $200 24
Alaska

Mike
    $200 21
Shave

Amy
    $200 3
World Series

Triple Stumper
    $200 5
Spank me

Amy
    $300 17
Lyndon Johnson

Ajuan
    $300 13
Grand Ole Opry

Ajuan
    $300 25
California

Triple Stumper
    $300 22
cupboard

Mike
    $300 4
(Ajuan: Who is Clyde?)
(Alex: Be more specific...)
(Ajuan: [No response])
(Amy: Who is Clyde Berringer?)

Clyde Barrow

AjuanAmyMike
    $300 6
Lashing

Ajuan
    $200 18
Zachary Taylor

Ajuan
    $400 14
Paul Harvey

Ajuan
    $400 26
Oregon

Ajuan
    $400 28
Stranger

Ajuan
    $400 7
John Dillinger

Mike
    $400 9
Sanction

Triple Stumper
    $500 19
William Howard Taft

Triple Stumper
    $500 15
Don Imus

Amy
    $500 27
Colorado

Triple Stumper
    $500 29
Barnaby Rudge

Triple Stumper
    $500 8
Coast Guard

Mike
    $500 30
Keelhaul

Amy

Scores at the first commercial break (after clue 14):

Ajuan Amy Mike
$800 $0 $1,400

Scores at the end of the Jeopardy! Round:

Ajuan Amy Mike
$2,300 $1,300 $2,000

Double Jeopardy! Round responses

REMEMBRANCE OF THINGS PROUST
OLYMPIC MASCOTS
PEOPLE
RUSSIAN "T" ROOM
MUSICAL MUSICALS
FIRST & LAST
    $200 1
Asthma

Mike
    $200 2
Snowman

Mike
    $200 24
Sly

Mike
    $200 5
Leo Tolstoy

Mike
    $200 17
"Seventy-six Trombones"

Mike
    $200 10
(Roger) Maris

Amy
    $400 20
Georges Bizet

Amy
    $1,200 3
(Alex: Misha in Moscow & Hidy & Howdy in Calgary.)

Bears

Mike
    $400 25
The Marx Brothers

Mike
    $400 6
Tundra

Ajuan
    $400 18
Richard Rodgers

Ajuan
    $400 11
Bashful

Ajuan
    $600 21
Samuel Beckett

Amy
    $600 4
2000 (Summer Games in Sydney, Australia)

Ajuan
    $600 26
Rev. Jim Jones

Ajuan
    $600 7
Leon Trotsky

Ajuan
    $600 19
Fiddler on the Roof

Amy
    $600 12
Andromeda

Ajuan
    $800 22
Alfred Dreyfus

Triple Stumper
    $800 15
Mexico City

Triple Stumper
    $800 29
Anna Paquin

Mike
    $800 8
(Amy: What is a triumvirate?)
(Alex: The response had to satisfy both parts of the clue.)

Troika

Amy
Triple Stumper
    $800 27
(Alex: Less than a minute to go.)

Blues

Ajuan
    $800 13
(Amy: What is Montenegro?)

Montevideo (Uruguay)

Amy
Triple Stumper
    $1000 23
Madeleines

Amy
    $1000 16
(Ajuan: Whatszit?)

Izzy

Ajuan
Triple Stumper
    $1000 30
Vernon Jordan

Ajuan
    $1000 9
TASS

Mike
    $500 28
(Ajuan: What is "Telephone?")
(Alex: Her service was the "Susanswerphone".)

Bells Are Ringing

Ajuan
    $1000 14
(Charles) Guiteau

Triple Stumper

Scores at the end of the Double Jeopardy! Round:

Ajuan Amy Mike
$6,200 $2,500 $6,400

[wagering suggestions for these scores]

Final Jeopardy! Round responses

IN THE NEWS
AmyWhat is the Euro?
$0
AjuanWhat is the Euro
$1,199
MikeWhat is the Euro
$6,001
the euro

Final scores:

Ajuan Amy Mike
$7,399 $2,500 $12,401
2nd place: Panasonic 32" TV & Broyhill Entertainment Center 3rd place: Pair of Croton Watches New champion: $12,401

Game dynamics:

Coryat scores:

Ajuan Amy Mike
$6,900 $2,500 $5,600
18 R
(including 1 DD),
3 W
(including 1 DD)
11 R,
3 W
17 R
(including 1 DD),
0 W

Combined Coryat: $15,000

[game clues] [game scores] [suggest correction]

Game tape date: Unknown
The J! Archive is created by fans, for fans. Scraping, republication, monetization, and malicious use prohibited; this site may use cookies and collect identifying information. See terms. The Jeopardy! game show and all elements thereof, including but not limited to copyright and trademark thereto, are the property of Jeopardy Productions, Inc. and are protected under law. This website is not affiliated with, sponsored by, or operated by Jeopardy Productions, Inc. Join the discussion at JBoard.tv.